000 00308nam a22001217a 4500
040 _cSK
082 _a349
100 _aសិរី ម៉ារឌី
245 _aEnglish; ភាសាអង់គ្លេស (ឆមាសទី២)
260 _aRUA
_bសិរី
_c2008
300 _a45p.
942 _cKB
999 _c10255
_d10255